Účetnictví v souvislostech stručně a přehledně
Guardado en:
| Autor principal: | |
|---|---|
| Formato: | Libro |
| Lenguaje: | checo |
| Publicado: |
Plzeň
Vydavatelství a nakladatelství Aleš Čeněk
2024
|
| Materias: | |
| Etiquetas: |
Sin Etiquetas, Sea el primero en etiquetar este registro!
|
MARC
| LEADER | 00000nam a2200000 4500 | ||
|---|---|---|---|
| 001 | 0308906 | ||
| 005 | 20250728120140.4 | ||
| 020 | |a 978-80-7380-943-0 | ||
| 041 | 0 | |a cze | |
| 044 | |a CZ | ||
| 245 | 1 | 0 | |a Účetnictví v souvislostech |b stručně a přehledně |c Theodor Beran |
| 264 | 1 | |a Plzeň |b Vydavatelství a nakladatelství Aleš Čeněk |c 2024 | |
| 300 | |a 321 s. | ||
| 610 | 2 | 0 | |a účtovníctvo |
| 610 | 2 | 0 | |a účtovanie |
| 610 | 2 | 0 | |a súvaha |
| 610 | 2 | 0 | |a osnova účtová |
| 100 | 1 | |a Beran, Theodor | |